| 000 | 01191pam a2200325 a 4500 | ||
|---|---|---|---|
| 001 | 4963746 | ||
| 003 | OSt | ||
| 005 | 20210414113847.0 | ||
| 008 | 970808s1998 maua b 000 0 eng | ||
| 010 | _a 97034362 | ||
| 020 | _a0070598339 | ||
| 035 | _a(DLC) 97034362 | ||
| 040 |
_aDLC _cDLC _dDLC |
||
| 050 | 0 | 0 | _aD20.W887 |
| 082 | 0 | 0 |
_a909 _221 |
| 245 | 0 | 0 |
_aWorld history by the world's historians vol I / _c[compiled by] Paul Spickard, James V. Spickard, Kevin M. Cragg. |
| 260 |
_aBoston : _bMcGraw-Hill, _cc1998. |
||
| 300 |
_axxi, 288 p. : _bill. ; _c24 cm. |
||
| 500 | _aIssued also in two volumes. | ||
| 504 | _aIncludes bibliographical references. | ||
| 505 | _aContents: In the beginnings -- Early historians -- Evolving traditions. | ||
| 650 | 0 | _aWorld history. | |
| 700 | 1 |
_aSpickard, Paul R., _d1950- |
|
| 700 | 1 | _aSpickard, James V. | |
| 700 | 1 | _aCragg, Kevin M. | |
| 856 | 4 | 2 |
_3Publisher description _uhttp://www.loc.gov/catdir/description/mh023/97034362.html |
| 906 |
_a7 _bcbc _corignew _d1 _eocip _f19 _gy-gencatlg |
||
| 942 |
_2lcc _cBK |
||
| 999 |
_c145 _d7645 |
||